Revúcky z Rumunska s bronzom

Bibliographic Details
Format: Article
Language:Slovak
PhysicalDescription:Fotogr.
ISSN:1335-7581
Subjects:
Online Access:http://roznava.korzar.sme.sk/c/6405953/revucky-z-rumunska-s-bronzom.html

MARC

LEADER 00000nab a2200000 a 4500
001 vtls010430164
003 SK-MaSNL
005 20260305041208.0
008 120615c20120606xo dr| 0 0slo
038 |a RVGKPD 
040 |a RVGKPD  |b slo  |c RVGKPD  |e AACR2 
041 |a slo 
044 |a xo  |c SK 
080 |a 796.386  |2 1997 
245 0 0 |a Revúcky z Rumunska s bronzom  |c [autor] (pp) 
300 |b Fotogr. 
600 1 7 |a Revúcky, Rastislav  |2 rvgkpd  |9 1026582 
650 0 7 |a stolný tenis  |2 rvgkpd  |9 25562 
650 0 7 |a športovci so zdravotným postihnutím  |2 rvgkpd  |9 256411 
651 7 |a Vyšná Slaná (Slovensko)  |2 rvgkpd  |9 27911 
651 7 |a Rožňava (Slovensko : okres)  |2 rvgkpd  |9 19215 
773 0 |t Gemerský korzár  |g Roč. XIV, č. 130 (6.6.2012), s. 20  |x 1335-7581 
852 |a RVGKPD  |b KIS3G 
856 4 1 |u http://roznava.korzar.sme.sk/c/6405953/revucky-z-rumunska-s-bronzom.html 
992 |a RBX 
999 |c 3342697  |d 3344627